000 01118nam a22002295i 4500
001 154983
003 ES-MaACL
005 20251115063310.0
008 991022s1866 sp |||| | spa d
100 1 _aGutiérrez de Alba, José María,
_d1822-1897
_9127661
245 1 0 _a1866 y 1867
_b: revista en dos cuadros y en verso /
_coriginal de José María Gutiérrez de Alba ; con música de los señores Oudrid y Arche.
260 _aMadrid :
_b[s.n.],
_c1866 (
_fImp. de Manuel Minuesa)
300 _a43 p. ;
_c21 cm.
490 1 _aEl teatro: coleccion de obras dramáticas y líricas
500 _aRepresentada por primera vez en el teatro del Circo en 24 de diciembre de 1866, con música de los señores Oudrid y Arche.
500 _aSólo el texto.
700 1 _aOudrid, Cristóbal.
_987969
700 1 _aArche, Luis Vicente.
_9139696
830 1 3 _aEl teatro: colección de obras dramática y líricas
_9221753
852 _aES-MaACL
_jF-8551(3)
_z- Enc. pasta española
_z- Enc. en un vol. facticio, formando parte de la col. facticia "Teatro español moderno", v. 3
999 _c154983
_d154983